000 00590nam a2200181Ia 4500
003 GCL
008 140319s9999 xx 000 0 ara d
040 _aGCL /
_cGCL
082 0 4 _aط
_b239.7
_bس س
245 1 0 _aميمونة بنت الحارث
260 _a[S.N] :
_bدار الكتب الحديثة
490 _aسيرة امهات المؤمنين للبنات والبنين
_v0
650 0 4 _aالسيرة النبوية
650 0 4 _aالاطفال
650 0 4 _aالقصص الدينية
650 0 4 _aزوجات النبى صلى الله عليه وسلم
942 _2ddc
_cBK
999 _c57992
_d57992